Statystyki dla Terytoria zależne Francji

Kliknij tutaj aby rozwiązać quiz!

Ogólne statystyki

  • Ten quiz został rozwiązany 134 razy
  • Średni wynik to 6 z 13

Statystyki odpowiedzi

L.p.Terytorium% Poprawnych
3Gujana Francuska
85%
6Martynika
60%
7Polinezja Francuska
60%
5Reunion
60%
2Gwadelupa
59%
1Nowa Kaledonia
58%
12Francuskie Terytoria Południowe i Antarktyczne
38%
4Majotta
38%
10Saint Martin
36%
11Saint-Pierre i Miquelon
34%
9Wallis i Futuna
30%
8Saint-Barthélemy
28%
13Wyspa Clippertona
23%

Rozkład punktacji

Percentyl według liczby udzielonych odpowiedzi

Procent ludzi z każdym wynikiem

Twoja historia wyników

Nie rozwiązałeś tego quizu